Statistics for Ash Ketchum's Pokemons (Currently)

Click here to take the quiz!

General Stats

  • This quiz has been taken 180 times
    (139 since last reset)
  • The average score is 41 of 57

Answer Stats

TypePokemon% Correct
Grass/PoisonBulbasaur
99%
ElectricPikachu
99%
Fire/FlyingCharizard
98%
WaterSquirtle
95%
Bug/FlyingButterfree
90%
Normal/FlyingPidgeot
83%
PoisonMuk
82%
Water/DarkGreninja
79%
GrassBayleef
78%
WaterKingler
78%
Bug/FightingHeracross
77%
NormalTauros
77%
WaterTotodile
77%
Ghost/PoisonGengar
76%
Dragon/FlyingDragonite
75%
FightingPrimeape
74%
GrassSceptile
74%
Water/IceLapras
73%
Normal/FlyingNoctowl
73%
FireQuilava
73%
Normal/FlyingSwellow
73%
Fire/FlyingTalonflame
73%
Ground/FlyingGliscor
72%
Fire/FightingInfernape
72%
Flying/DragonNoivern
72%
NormalSnorlax
72%
Normal/FlyingStaraptor
72%
Fighting/SteelLucario
71%
WaterBuizel
70%
Fighting/FlyingHawlucha
70%
WaterOshawott
70%
Fire/FightingPignite
70%
Grass/FlyingRowlet
70%
Grass/GroundTorterra
70%
DragonGoodra
69%
FireIncineroar
69%
FireTorkoal
69%
Dragon/GroundGible
68%
SteelMelmetal
68%
Water/DragonDracovish
67%
IceGlalie
67%
GrassSnivy
67%
Normal/FlyingUnfezant
67%
Ground/DarkKrookodile
66%
RockLycanroc
66%
Poison/DragonNaganadel
66%
WaterCorphish
65%
GroundDonphan
65%
Water/GroundPalpitoad
65%
Dark/FightingScraggy
65%
Bug/GrassLeavanny
64%
FightingSirfetch'd
64%
Bug/PoisonBeedrill
63%
Psychic/FairyMr. Mime
63%
NormalRaticate
63%
NormalAipom
61%
RockBoldore
61%

Score Distribution

Percentile by Number Answered

Percent of People with Each Score

Your Score History

You have not taken this quiz since the last reset